Manual del matrimonio católico / George A. Kelly ; Manuel G. Martínez-Uria, Traductor (Registro nro. 32621)
[ vista simple ]
| 000 -LÍDER | |
|---|---|
| Campo fijo de descripción fija | 011860000a22002050004500 |
| 041 0# - CÓDIGO DE IDIOMA | |
| Código de idioma para texto/pista de sonido o título separado | |
| 082 04 - NÚMERO DE CLASIFICACIÓN DECIMAL DEWEY | |
| Número de clasificación | G 173.1 K2957m |
| 001 - NÚMERO DE CONTROL | |
| Campo de control | 1298 |
| 100 1# - ASIENTO PRINCIPAL--NOMBRE PERSONAL | |
| Nombre personal | Kelly, George A. (Anthony) (1916-) |
| 245 10 - TÍTULO | |
| Título del Material | Manual del matrimonio católico / George A. Kelly ; Manuel G. Martínez-Uria, Traductor |
| 260 ## - PUBLICACIÓN, DISTRIBUCIÓN, ETC. (PIE DE IMPRENTA) | |
| Lugar de publicación, distribución, etc. | México D.F., México : Trillas |
| 300 ## - DESCRIPCIÓN FÍSICA | |
| Extensión | 322 Pag. |
| 336 ## - CONTENT TYPE | |
| Content type term | texto |
| Content type code | txt |
| Source | rdacontent |
| 337 ## - MEDIA TYPE | |
| Source | rdamedia |
| Media type term | sin mediación |
| Media type code | n |
| 338 ## - CARRIER TYPE | |
| Source | rdacarrier |
| Carrier type term | volumen |
| Carrier type code | nc |
| 500 ## - NOTA GENERAL | |
| Nota General | Título original : The catholic marriage manual |
| 505 00 - NOTA DE CONTENIDO | |
| Nota de contenido con formato preestablecido | El matrimonio es una vocación sagrada -- la clave para el amor mutuo -- un médico católico habla sobre el matrimonio -- control de la natalidad y método rítmico -- el milagro del nacimiento -- ayudar a los matrimonios sin hijos -- señales de peligro en el matrimonio -- cómo discrepar de tu consorte -- valores del dinero en el matrimonio -- el problema de los suegro y cuñados -- el problema del alcoholismo -- la menopausia y la edad madura -- "hasta que la muerte os separe" -- cuando un cónyuge no es católico -- el privilegio de la paternidad -- la religión en tu hogar |
| 650 14 - ASIENTO SECUNDARIO DE MATERIA - TERMINO TEMÁTICO | |
| Término temático o nombre geográfico como elemento de entrada | MATRIMONIO |
| 942 ## - TIPO DE MATERIAL (KOHA) | |
| Tipo de Item KOHA | Libros General |
| Estado de Material | Estado de Perdido | Estado de Dañado | No para Préstamo | Colección | Tomo | Biblioteca de Origen | Biblioteca Permanente | Fecha de Adquisición | Total de Préstamos | Signatura Topográfica | Código de Barras | Última vez visto | Última vez Préstado | Ejemplar/Existencia | Fecha de Remplazo | Tipo de Material |
|---|---|---|---|---|---|---|---|---|---|---|---|---|---|---|---|---|
| Colección General | Biblioteca FUSBC | Biblioteca FUSBC | 13/10/2004 | 2 | G 173.1 K2957m | 755 | 12/12/2019 | 25/05/2017 | 1 | 26/01/2016 | Libros General |
